Responses for Show #8632 - Tuesday, May 3, 2022

Mattea Roach game 21.

Contestants

[<< previous game]

Enver Casimir, a history teacher from Albany, California

Angela Kissner, an educational consultant and tutor from Akron, Ohio

Mattea Roach, a tutor from Toronto, Ontario, Canada (whose 20-day cash winnings total $476,985)

[next game >>]

Jeopardy! Round responses

THEY NAMED A CITY FOR HIM
BIBLE BELTS
LET'S GO TO THE AUTO SHOP
THE ACTOR REALLY SAVES THE DAY!
HIDDEN ANATOMY
(Ken: You'll have to identify the body part concealed in each clue.)
MRS., MISS OR MR.
    $200 1
Madison

Enver
    $200 20
Psalms

Mattea
    $200 6
diesel

Triple Stumper
    $200 13
Tom Cruise

Mattea
    $200 16
the tongue (in Houston guests)

Enver
    $200 8
[ERRATUM: The brand was renamed "Dash" in 2020.]

Mrs. Dash

Angela
    $400 2
Bismarck

Enver
    $400 21
Cain

Mattea
    $400 7
(Mattea: Miss--the one with all of the pronoun titles, $200.)

four-wheel drive

Mattea
    $400 14
Harrison Ford

Mattea
    $400 17
a finger (in fief in Germany)

Mattea
    $400 9
Mrs. Fields

Enver
    $600 3
Abigail Adams

Mattea
    $600 22
(Mattea: What are a slingshot and a stone?)

a sling & a stone

MatteaEnver
    $600 28
the suspension system

Enver
    $600 15
Benedict Cumberbatch

Enver
    $600 25
the shoulder (in should eradicate)

Mattea
    $600 10
Mr. Clean

Mattea
    $800 4
Jim Thorpe

Enver
    $800 23
Job

Mattea
    $800 29
disc brakes & drum brakes

Triple Stumper
    $800 18
John Krasinski

Enver
    $800 26
the ankle (in rank leisure)

Triple Stumper
    $800 11
Mr. Hyde

Mattea
    $1,000 5
(Ken: That's correct, Secretary Henry Knox. You sounded so sure.)
[Applause]

Knoxville

Enver
    $1000 24
the Good Samaritan

Mattea
    $1000 30
the carburetor

Enver
    $1000 19
(Ken: Yes, not really a doctor.)

Patrick Dempsey

Mattea
    $1000 27
the heart (in hear the)

Triple Stumper
    $1000 12
"Miss Manners"

Mattea

Scores at the first commercial break (after clue 15):

Mattea Angela Enver
$4,000 $200 $3,400

Scores at the end of the Jeopardy! Round:

Mattea Angela Enver
$7,800 $200 $6,600

Double Jeopardy! Round responses

HISTORY
FICTIONAL CHARACTERS
STATES' OTHER COMMON LANGUAGES
(Ken: Not English or Spanish.)
PETS
EASY LISTENING
FREE AS A WORD
    $400 1
Joan of Arc

Mattea
    $400 11
Jane

Mattea
    $400 2
French

Mattea
    $400 16
a guinea pig

Mattea
    $400 18
the Commodores

Mattea
    $400 23
loose

Triple Stumper
    $800 5
Benedict Arnold

Mattea
    $800 12
The Bourne Identity

Enver
    $2,000 3
Navajo

Mattea
    $800 17
(Ken: I Wanna [*].)

Iguana

Triple Stumper
    $800 19
a "Peaceful Easy Feeling"

Angela
    $800 24
liberation

Mattea
    $1200 6
(Mattea: What is Chi Minh?)
(Enver: Who are the Vietcong?)
...
(Ken: Each of you had half of the correct response...)
(Mattea: We need to be a team.)

the Vietminh

MatteaEnver
Triple Stumper
    $1200 13
Bridget Jones

Mattea
    $1200 4
(Mattea: What is Minnesota?)

Michigan

MatteaAngela
    $1200 28
a terrier

Triple Stumper
    $1200 20
[The Imagine Dragons title does not have a comma.]

"Easy Come, Easy Go"

Enver
    $1200 25
released

Triple Stumper
    $1600 7
the Persian Empire

Mattea
    $1600 14
(Angela: What is Metamorphosis?)
...
(Ken: You had the story right, but we needed the character.)

Gregor Samsa

Angela
Triple Stumper
    $1600 9
Vietnamese

Mattea
    $2,000 29
a canary

Mattea
    $1600 21
Buddy Holly

Mattea
    $1600 26
(Enver: What is unchained?)
(Ken: More specifically?)
(Enver: [Exhales])

unshackled

MatteaEnver
    $2000 8
Edward VIII

Enver
    $2000 15
(Mattea: What is Mrs. Dalloway or who is Mrs. Dalloway?)

Orlando

MatteaEnver
    $2000 10
Somali

Mattea
    $2000 30
a molly

Triple Stumper
    $2000 22
Burt Bacharach

Mattea
    $2000 27
autonomous

Mattea

Scores at the end of the Double Jeopardy! Round:

Mattea Angela Enver
$24,600 $600 $9,800
(lock game)

[wagering suggestions for these scores]

Final Jeopardy! Round responses

NATIONAL ANTHEMS
(Ken: [To Enver] Both English and French versions, of course.)
...
(Ken: Now, as come to our Canadian champion...)
[Laughter]
(Ken: I should point out the Final Jeopardy! clues are written weeks or months in advance and randomly selected, so we never know when they're going to land. But I have to think Mattea might know some of the lyrics to [*].)
AngelaWhat is God Save the Queen?
$0
EnverWhat is O Canada
$8,000
MatteaWhat is O Canada?
$4,999
"O Canada"

Final scores:

Mattea Angela Enver
$29,599 $600 $17,800
21-day champion: $506,584 3rd place: $1,000 2nd place: $2,000

Game dynamics:

Coryat scores:

Mattea Angela Enver
$23,000 $600 $9,800
31 R
(including 2 DDs),
4 W
3 R,
1 W
15 R
(including 1 DD),
2 W

Combined Coryat: $33,400

[game clues] [game scores] [suggest correction]

Game tape date: 2022-02-15
The J! Archive is created by fans, for fans. Scraping, republication, monetization, and malicious use prohibited; this site may use cookies and collect identifying information. See terms. The Jeopardy! game show and all elements thereof, including but not limited to copyright and trademark thereto, are the property of Jeopardy Productions, Inc. and are protected under law. This website is not affiliated with, sponsored by, or operated by Jeopardy Productions, Inc. Join the discussion at JBoard.tv.